UBT Library

Principles of Macroeconomics (Record no. 58285)

000 -LEADER
fixed length control field 00336nam a22001457a 4500
008 - FIXED-LENGTH DATA ELEMENTS--GENERAL INFORMATION
fixed length control field 211019b ||||| |||| 00| 0 eng d
020 ## - INTERNATIONAL STANDARD BOOK NUMBER
International Standard Book Number 9780393263190
041 ## - LANGUAGE CODE
Language code of text/sound track or separate title eng
080 ## - UNIVERSAL DECIMAL CLASSIFICATION NUMBER
Universal Decimal Classification number 330.101.541
082 ## - DEWEY DECIMAL CLASSIFICATION NUMBER
Classification number 330.101.541
100 ## - Rafti
Rafti 52
101 ## - Shkurtesa
Shkurtesa MAKRO
245 ## - TITLE STATEMENT
Title Principles of Macroeconomics
Statement of responsibility, etc Coppock,L
942 ## - ADDED ENTRY ELEMENTS (KOHA)
Source of classification or shelving scheme
Item type Books
Holdings
Withdrawn status Lost status Source of classification or shelving scheme Damaged status Not for loan Collection code Permanent location Current location Shelving location Date acquired Total Checkouts Full call number Barcode Date last seen Price effective from Koha item type
          Koleksioni i përgjithshem UBT - Lipjan UBT - Lipjan Koleksioni i përgjithshem 10/19/2021   330.101.541 COP 002-80000112 10/19/2021 10/19/2021 Books
          Koleksioni i përgjithshem UBT - Lipjan UBT - Lipjan Koleksioni i përgjithshem 10/19/2021   330.101.541 COP 002-8000007 10/19/2021 10/19/2021 Books
UBT Library © 2015-2024. All rights reserved University Education for Business and Technology